LEADER 00829nam0-22002891i-450- 001 990000077560403321 005 20080704125355.0 035 $a000007756 035 $aFED01000007756 035 $a(Aleph)000007756FED01 035 $a000007756 100 $a20020821d--------km-y0itay50------ba 101 0 $aita 105 $ay-------001yy 200 1 $a<>Prufung metallischer Werkstoffe$fKurt Matthaes. 210 $aBerlin-Grunewald$cMetall Verlag GMBH$dcopyr. 1952 215 $a210 p.$cill.$d23 cm 610 0 $aMateriali metallici$aProve 676 $a620.160 287 700 1$aMatthaes,$bKurt$05260 801 0$aIT$bUNINA$gRICA$2UNIMARC 901 $aBK 912 $a990000077560403321 952 $a23 19 A 27$b19931$fFINAG 959 $aFINAG 996 $aPrufung metallischer Werkstoffe$9110524 997 $aUNINA LEADER 01177nam--2200385---450- 001 990003643560203316 005 20120326115340.0 010 $a978-88-96419-27-4 035 $a000364356 035 $aUSA01000364356 035 $a(ALEPH)000364356USA01 035 $a000364356 100 $a20120326d2011----km-y0itay50------ba 101 $aita 102 $aIT 105 $a||||||||001yy 200 1 $a"... un enorme individuo, dotato di polmoni soprannaturali"$efunzioni, interpretazioni e rinascite del coro drammatico greco$fa cura di Andrea Rodighiero e Paolo Scattolin 210 $aVerona$cEdizioni Fiorini$d2011 215 $aXI,399 p.$d21 cm 225 2 $aKátoptron$v3 410 0$12001$aKátoptron$v3 454 1$12001 461 1$1001-------$12001 606 0 $aTeatro greco$2BNCF 676 $a792 702 1$aRODIGHIERO,$bAndrea$f<1968- > 702 $aSCATTOLIN,$bPaolo 801 0$aIT$bsalbc$gISBD 912 $a990003643560203316 951 $aCL A 194$b781 DIPSUM 959 $aBK 969 $aDSA 979 $aDSA$b90$c20120326$lUSA01$h1153 996 $aUn enorme individuo, dotato di polmoni soprannaturali"$9245157 997 $aUNISA LEADER 01075cam0-22003251i-450 001 990006236170403321 005 20221209181701.0 010 $a88-14-05023-6 035 $a000623617 035 $aFED01000623617 035 $a(Aleph)000623617FED01 100 $a20000112d1994----km-y0itay50------ba 101 0 $aita 102 $aIT 105 $ay-------001yy 200 1 $a<>difesa attiva nel giudizio abbreviato e nel patteggiamento$ei riti alternativi sotto il profilo pratico-operativo$fEraldo Stefani$gpresentazione di Gherardo Colombo 210 $aMilano$cGiuffrè$dc1994 215 $aXVIII, 279 p.$d22 cm 225 1 $aTeoria e pratica del diritto$hSez. 3.$iDiritto e procedura penale$v71 676 $a345.05$v23$zita 700 1$aStefani,$bEraldo$0231130 801 0$aIT$bUNINA$gREICAT$2UNIMARC 901 $aBK 912 $a990006236170403321 952 $aXX 24 (71)$b28238*$fFGBC 952 $a3-38(71)$fDSPCP 959 $aDSPCP 959 $aFGBC 996 $aDifesa attiva nel giudizio abbreviato e nel patteggiamento$9636616 997 $aUNINA